Microoptics and Nanooptics Fabrication / (Record no. 17095)
[ view plain ]
| 000 -LEADER | |
|---|---|
| fixed length control field | 00853cam a2200241 a 4500 |
| 001 - CONTROL NUMBER | |
| control field | 15830357 |
| 005 - DATE AND TIME OF LATEST TRANSACTION | |
| control field | 20121122133715.0 |
| 008 - FIXED-LENGTH DATA ELEMENTS--GENERAL INFORMATION | |
| fixed length control field | 090723s2010 flua b 001 0 eng |
| 010 ## - LIBRARY OF CONGRESS CONTROL NUMBER | |
| LC control number | 2009027804 |
| 020 ## - INTERNATIONAL STANDARD BOOK NUMBER | |
| International Standard Book Number | 0849336767 (hardcover : alk. paper) |
| 020 ## - INTERNATIONAL STANDARD BOOK NUMBER | |
| International Standard Book Number | 9780849336768 (hardcover : alk. paper) |
| 082 00 - DEWEY DECIMAL CLASSIFICATION NUMBER | |
| Classification number | 621.381045 |
| Edition number | 22 |
| Item number | MIC |
| 245 00 - TITLE STATEMENT | |
| Title | Microoptics and Nanooptics Fabrication / |
| Statement of responsibility, etc | edited by Shanalyn A. Kemme. |
| 260 ## - PUBLICATION, DISTRIBUTION, ETC. (IMPRINT) | |
| Place of publication, distribution, etc | Boca Raton : |
| Name of publisher, distributor, etc | CRC Press, |
| Date of publication, distribution, etc | c2010. |
| 300 ## - PHYSICAL DESCRIPTION | |
| Extent | xii, 218 p. : |
| Other physical details | ill. ; |
| Dimensions | 25 cm. |
| 504 ## - BIBLIOGRAPHY, ETC. NOTE | |
| Bibliography, etc | Includes bibliographical references and index. |
| 650 #0 - SUBJECT ADDED ENTRY--TOPICAL TERM | |
| Topical term or geographic name as entry element | Nanostructured materials |
| General subdivision | Design and construction. |
| 9 (RLIN) | 31403 |
| 650 #0 - SUBJECT ADDED ENTRY--TOPICAL TERM | |
| Topical term or geographic name as entry element | Microfabrication. |
| 9 (RLIN) | 31404 |
| 650 #0 - SUBJECT ADDED ENTRY--TOPICAL TERM | |
| Topical term or geographic name as entry element | Nanophotonics. |
| 9 (RLIN) | 31405 |
| 650 #0 - SUBJECT ADDED ENTRY--TOPICAL TERM | |
| Topical term or geographic name as entry element | Nanostructures |
| General subdivision | Optical properties. |
| 9 (RLIN) | 11225 |
| 700 1# - ADDED ENTRY--PERSONAL NAME | |
| Personal name | Kemme, Shanalyn A. |
| 9 (RLIN) | 31406 |
| 942 ## - ADDED ENTRY ELEMENTS (KOHA) | |
| Source of classification or shelving scheme | Dewey Decimal Classification |
| Item type | Book - Borrowing |
| Withdrawn status | Item status | Source of classification or shelving scheme | Damaged status | Not for loan | Vendor | Home library | Current library | Shelving location | Date acquired | Source of acquisition | Cost, normal purchase price | Serial Enumeration / chronology | Total Checkouts | Full call number | Barcode | Date last seen | Date last borrowed | Koha item type |
|---|---|---|---|---|---|---|---|---|---|---|---|---|---|---|---|---|---|---|
| Dewey Decimal Classification | Baccah | Central Library | Central Library | First floor | 22/11/2012 | 740.00 | 16429 | 1 | 621.381045 MIC | 000027821 | 15/07/2025 | 22/11/2012 | Book - Borrowing |